Statistiques concernant Les races de Chiens - avec photos - Niveau Expert

Cliquez ici pour prendre le quiz!

Statistiques générales

  • Ce quiz a été pris 1 644 fois
  • Le résultat moyen est 17 sur 32

Statistiques - réponses

Réponse% Correct
Dalmatien
93%
Berger Allemand
91%
Labrador
91%
Berger Australien
89%
Caniche
89%
Husky Sibérien
89%
Golden Retriever
85%
Berger Belge
81%
Dobermann
78%
Saint-Bernard
75%
Lévrier
72%
Beagle
71%
Cavalier King Charles Spaniel
68%
Bichon
60%
Border Collie
60%
Bouledogue Français
59%
Epagneul Breton
56%
Spitz Nain
56%
Chihuahua
54%
Akita Inu
45%
Pitbull
44%
Jack Russell Terrier
41%
Terre-Neuve
39%
Malamute
24%
Pékinois
23%
Berger des Shetland
21%
Dogue de Bordeaux
17%
Mastiff
16%
Pomsky
13%
Puli
6%
Chien Finnois de Laponie
4%
Silky Terrier
1%

Distribution des résultats

Percentile par nombre de réponses

% des personnes avec chaque résultat

Votre développement - résultats

Vous n’avez pas pris ce quiz